les pokemon de la 1g dans l'ordre - Statistiques

Statistiques générales
  • Ce quiz a été pris 36 fois
  • Le résultat moyen est 138 sur 151
Statistiques - réponses
Hint Réponse % Correct
insect poison aspicot
100%
plante poison bulbizarre
100%
eau carabaffe
100%
eau carapuce
100%
insect chenipan
100%
insect chrysacier
100%
insect poison coconfort
100%
insect poison dardargnan
100%
feu vol dracaufeu
100%
feu feunard
100%
plante poison florizarre
100%
feu goupix
100%
roche sol gravalanch
100%
normal fee grodoudou
100%
plante poison herbizarre
100%
combat machoc
100%
combat machopeur
100%
combat mackogneur
100%
plante poison mystherbe
100%
poison vol nosferalto
100%
poison vol nosferapti
100%
plante poison ortide
100%
insect vol papilusion
100%
normal vol piafabec
100%
electrik pikachu
100%
roche sol racaillou
100%
plante poison rafflesia
100%
electrik raichu
100%
normal vol rapasdepic
100%
feu reptincel
100%
normal fee rondoudou
100%
normal vol roucarnage
100%
normal vol roucool
100%
normal vol roucoups
100%
feu salameche
100%
eau tortank
100%
poison abo
95%
psy abra
95%
insect poison aeromite
95%
psy alakazam
95%
eau aquali
95%
poison arbok
95%
plante poison boustiflor
95%
plante poison chetiflor
95%
plante poison empiflor
95%
normal evoli
95%
feu galopa
95%
roche sol grolem
95%
psy kadabra
95%
eau glace lamantine
95%
fee melodelfe
95%
fee melofee
95%
psy mew
95%
psy mewtwo
95%
insect poison mimitoss
95%
poison sol nidoking
95%
poison sol nidoqueen
95%
poison nidoran
95%
poison nidoran
95%
poison nidorina
95%
poison nidorino
95%
eau otaria
95%
feu ponyta
95%
feu pyroli
95%
normal rattata
95%
normal rattatac
95%
sol sabelette
95%
sol sablaireau
95%
electrik voltali
95%
electrik voltorbe
95%
roche eau amonistar
90%
roche eau amonita
90%
feu arcanin
90%
vol glace artikodin
90%
feu caninos
90%
combat colossinge
90%
dragon draco
90%
dragon vol dracolosse
90%
spectre poison ectoplasma
90%
vol electrik electhor
90%
electrik electrode
90%
spectre poison fantominus
90%
combat ferosinge
90%
insect vol insecateur
90%
roche eau kabuto
90%
roche eau kabutops
90%
feu magmar
90%
acier electrik magneti
90%
acier electrik magneton
90%
dragon minidraco
90%
plante psy noadkoko
90%
plante psy noeunoeuf
90%
plante insect paras
90%
plante insect parasect
90%
roche vol ptera
90%
spectre poison spectrum
90%
vol feu sulfura
90%
sol taupiqueur
90%
eau poison tentacool
90%
eau poison tentacruel
90%
sol triopikeur
90%
eau akwakwak
85%
normal vol canarticho
85%
eau glace crustabri
85%
electrik elektek
85%
normal excelangue
85%
eau psy flagadoss
85%
poison grotadmorv
85%
psy hypnomade
85%
combat kicklee
85%
eau kokiyas
85%
eau krabboss
85%
eau krabby
85%
normal leveinard
85%
psy glace lippoutou
85%
eau glace lokhlass
85%
normal metamorph
85%
roche sol onix
85%
eau poissirene
85%
eau poissoroy
85%
eau psykokwak
85%
eau ptitard
85%
eau psy ramoloss
85%
roche sol rhinocorne
85%
roche sol rhinoferos
85%
normal ronflex
85%
insect scarabrute
85%
poison smogo
85%
poison smogogo
85%
psy soporifik
85%
eau stari
85%
poison tadmorv
85%
eau combat tartard
85%
normal tauros
85%
eau tetarte
85%
normal vol dodrio
80%
normal vol doduo
80%
eau hypocean
80%
eau hypotrempe
80%
normal kangourex
80%
eau vol leviator
80%
eau magicarpe
80%
normal miaouss
80%
normal persian
80%
normal porygon
80%
plante saquedeneu
80%
eau psy staross
80%
combat tygnon
80%
psy fee m.mime
75%
sol ossatueur
75%
sol osselait
75%
Aucun quiz correspondant
Distribution des résultats
% des personnes avec chaque résultat
Percentile par nombre de réponses
Votre historique - résultats
Vous n’avez pas pris ce quiz